Normal view
MARC view
- Park, Junyeong.
Entry Personal Name
001 - CONTROL NUMBER
- control field: 56018
003 - CONTROL NUMBER IDENTIFIER
- control field: OSt
005 - DATE AND TIME OF LATEST TRANSACTION
- control field: 20240404122800.0
008 - FIXED-LENGTH DATA ELEMENTS
- fixed length control field: 240404|| aca||aabn | a|a d
040 ## - CATALOGING SOURCE
- Original cataloging agency: OSt
- Transcribing agency: OSt
100 ## - HEADING--PERSONAL NAME
- Personal name: Park, Junyeong.
- Relator term: author.
670 ## - SOURCE DATA FOUND
- Source citation: Work cat.: (OSt): Kim, Hyungjin. author. 56017, A simple modulation strategy for full ZVS of single-stage electrolytic capacitor-less EV charger with universal input /, October 2022.
